000 00521cam a22002171 4500
001 sa 68004180
003 DLC
005 20260227112500.0
008 900125s1966 ii a 000 0 hino
010 _asa 68004180
035 _a(OCoLC)20958066
040 _aDLC
_cWaU
_dDLC
042 _apremarc
050 0 0 _aPK2098.17.A864
_bD5
100 1 _aChaturvedi, Om Prakash,
_d1933-
245 1 0 _aDharatī kā karja.
260 _c[1966]
300 _a95 p.
_billus.
_c22 cm.
500 _aIn Hindi.
500 _aPoems.
999 _c80028
_d80028